000 00531nam a2200169Ia 4500
999 _c36591
_d36591
003 OSt
005 20201211122010.0
008 190216s9999||||xx |||||||||||||| ||und||
020 _a0444879374
040 _coclc
082 _a338.8201
_bKUE/R
100 _aKuenne, Robert E
_97395
245 0 _aRivalrous Consonance: A Theory Of General Oligopolistic Equilibrium /
_cRobert E Kuenne
260 _bNorth Holland,
_c1986.
_aNewyork:
300 _a173p
942 _cREF
_2ddc
_h338.8201
_iKUE/R
_k338.8201
_mKUE/R